Music Quiz

Random Music or Numbers Quiz

#1 Pop Hits of 2010 (U.S.) Quiz Stats

 Plays Quiz not verified by Sporcle

Challenge
Share
Tweet
Embed
Score 0/17 Timer 05:00
0 Plays Today
Clue Title % Correct
Her debut single.TiK ToK
88.5%
Was the most played song of the summer, and lasted at #1 for seven weeks.California Gurls (feat. Snoop Dogg)
84.5%
His second single created especially for the U.S. market.Dynamite
78.2%
His debut single that was popular among females.Just the Way You Are
75.9%
Her first consecutive #1 single.Teenage Dream
72.2%
Exploded on radio before it was released as a single.Love the Way You Lie (feat. Rihanna)
68.9%
Everyone thought this song was by Sean Kingston.Replay
68%
Was her fifth consecutive #1 single from this chart.Bad Romance
64.3%
The highly anticipated nine minute music video debuted of E! Network.Telephone (feat. Beyoncé)
63.1%
Clue Title % Correct
His first top ten hit since 2006.Just a Dream
61.8%
Her first single from her Greatest Hits album.Raise Your Glass
60.2%
His debut single. Featured a hit rapper for the U.S. version.Break Your Heart (feat. Ludacris)
59.1%
His second single. Some dubbed it the male version of 'Just Dance.'In My Head
59%
Her only top five hit from the 'Rated R' album.Rude Boy
57.9%
His debut single.Nothin' on You (feat. Bruno Mars)
54.7%
Some called this music video the 'Yellow Submarine' of the 2000s.Your Love Is My Drug
53.8%
Was the first single from the album, but didn't hit #1 on the U.S. Hot 100 until after the second single did.Only Girl (In the World)
48.2%

You're not logged in!

Compare scores with friends on all Sporcle quizzes.
Join for Free
OR
Log In

You Might Also Like...

Show Comments

Extras

Top Quizzes Today


Score Distribution

Your Account Isn't Verified!

In order to create a playlist on Sporcle, you need to verify the email address you used during registration. Go to your Sporcle Settings to finish the process.

Report this User

Report this user for behavior that violates our Community Guidelines.

Details: